| 000 | 00373pab a2200157 454500 | ||
|---|---|---|---|
| 008 | 180718b2014 xxu||||| |||| 00| 0 eng d | ||
| 100 | _aRowlinson, Michael et al | ||
| 245 | _aNarratives and memory in organizations | ||
| 260 | _c2014 | ||
| 300 | _ap.441-446. | ||
| 362 | _aJul | ||
| 650 | _aOrganizations | ||
| 773 | _aOrganization | ||
| 908 | _aN | ||
| 909 | _a104870 | ||
| 999 |
_c104865 _d104865 |
||